| 000 | 00533nam a2200133Ia 4500 | ||
|---|---|---|---|
| 008 | 200908s9999 xx 000 0 und d | ||
| 020 | _a978-148-33-8667-6 | ||
| 100 | _aElias, Maurice | ||
| 245 |
_cMaurice J. Elias, Joseph J. Ferrito, Dominic C. Moceri _aThe Other side of the report side: _bassessing student's social, emotional and character development/ |
||
| 260 |
_aCalifornia: _bCORWIN _c2016 |
||
| 300 |
_axvi, 88 pages _c28 cm. |
||
| 650 | _aEducational tests and measurements | ||
| 650 | _aPersonality development -- evaluation | ||
| 999 |
_c364118 _d364118 |
||